000 03374nam a2200277 i 4500
003 DO-SdBNP
005 20240715092554.0
006 a||||fr|||| 00| 0
007 ta
008 231026e1995 dr adc|| |||| 00| 0 spa d
040 _aDO-SdBNP
_bspa
_cBNPHU
_erda
082 4 _222
_bQ7c
111 1 _aCongreso de Sexualidad Humana "Mujer y Sida".
_n(5:
_d1995:
_cHotel V Centenario)
_984538
_jautor
245 1 0 _aV congreso de sexualidad humana:
_bmujer y sida. /
_cCompilación, Carmen María Castillo S.
246 0 1 _a5a. congreso de sexualidad humana:
_bmujer y sida.
246 0 1 _aQuinto congreso de sexualidad humana:
_bmujer y sida.
264 _a[Santo Domingo] :
_bUSAID / AIDSCAP /FHI,
_c1996
300 _a176 páginas :
_bIlustraciones, gráficas, retratos
_c27 cm.
336 _2rdacontent
_atexto
_btxt
337 _2rdamedia
_asin mediación
_bn
338 _2rdacarrier
_avolumen
_bn
505 _aDeclaración de Principios.--
_tPresentación.--
_tDiscurso Presidente APEC.--
_tDiscurso Presidente INSAPEC.--
_tTaller Pre-congreso.--
_tNoche Inaugural.--
_tConferencia Magistral /
_rDr. Ricardo Calderón--
_tEducación Sexual y Sida /
_rDra. Soraya Fernández de Pezzotti.--
_tEl Amor en los tiempo del SIDA, Problemas y Perspectivas /
_rDr. José Miguel Gómez Montero.--
_tEl Sida en su Dimensión Sicosomática /
_rDr. Alberto Noboa.--
_tLa Explotación Sexual, un atentado a la dignidad Humana /
_rLic. Francisca Ferreira.--
_tFamilia, Matrimonio y Fidelidad /
_rCarlos y Maruchi Elmúdesi.--
_tDrogas, Sexualidad y SIDA /
_rDra. Martha Díaz, Lic. Germania Morales y Lic, Mayra Ramos.--
_tEducación Sexual, Violencia Intrafamiliar y SIDA /
_rLic. Zelided Alma de Ruiz.--
_tConferencia Magistral: "Mujer y Violencia" /
_rDra. Doris Knudson.--
_tRol del Psicólogo dentro del equipo de salud en la atención del paciente VIH / SIDA /
_rCésar Castellanos.--
_tPastoral "El Buen Samaritano" /
_rReverendo Padre Jaime Corujo.--
_tPatronato de Lucha Contra el SIDA (PLUS):
_rLic. Irene López.--
_tPrograma Radial Mujer y SIDA de la Secretaría de Estado de Educación Sexual, Bellas Artes y Cultos /
_rLic. Danicela Castillo.
_tEl SIDA y la infección VIH en República Dominicana /
_rDra. Elizabeth Gómez.--
_tPrograma Educativo de Prevención del SIDA en la cárceles /
_rDr. Eric Raful.--
_tETS y SIDA en menores prostituidas /
_rLic. Francisca Núñez y Lic. Rosa E. Guerrero.
_tMotivaciones de la Cirugía y comportamiento sexual post-quirúrgico en mujeres sometidas a Colpoperineorrafía en el Hospital Dr. Luis E. Aybar, desde marzo 1992 hasta marzo 1995.--
_rLic. Luz Aracelis Cabrera y Lic. Elena Quezada.--
_tLa Prostitución en mujeres de 13 a 49 años de edad en la ciudad de Santo Domingo, en el período octubre-diciembre 1994 /
_rLic. Belkis García y Lic. Clotilde Sánchez.--
_tPrevalencia de las Disfunciones femeninas den el Consultorio de Terapia Sexual del INSAPEC /
_rLic. Sonia Romero y Lic. Juana Josefina Hernández.--
_tLos medios, Sensacionalismo y Realismo, como estar informados sobre el SIDA /
_rLic. Oscar López Reyes.--
_tPresentación de Planes de Acción para "Mujer y SIDA" /
_rDra. Tirsis Quezada.--
_tRepercusión social, Psicológica, Económica y Sexual de la Infección VIH/SIDA /
_rDra. Martiza Arbaje.--
_tComité Organizador.
590 _aInventariado 2023 / MF
710 _aEstados Unidos .
_b Agency for International Development
_983946
942 _2ddc
_cLBS1
999 _c55290
_d55290